MARC

LEADER 00000nam0a2200000 4500
001 32102
005 20231030204738.0
010 |a 525600316X 
035 |a (RuTPU)RU\TPU\book\32397 
035 |a BOOK00000038 
090 |a 32102 
100 |a 20011210d1990 k y0rusy50 ca 
101 0 |a rus 
102 |a RU 
105 |a a z 001zy 
200 1 |a Малые ЭВМ высокой производительности  |f Под ред. Н. Л. Прохорова 
210 |a Москва  |c Радио и связь  |d 1990 
215 |a 256 с.  |c ил. 
320 |a Библиогр.: с. 254. 
517 1 |a Архитектура и программирование 
610 1 |a малые ЭВМ 
610 1 |a архитектура 
610 1 |a данные 
610 1 |a структура 
610 1 |a аппаратные средства 
610 1 |a операционные системы 
610 1 |a МОС ВП 
610 1 |a применение 
675 |a 681.3-181.4  |v 3 
702 1 |a Прохоров  |b Н. Л.  |4 340 
801 0 |a RU  |b 63413507  |c 20011210  |g PSBO 
801 2 |a RU  |b 63413507  |c 20170529  |g RCR 
942 |c BK